| 000 | 00502nam a2200181Ia 4500 | ||
|---|---|---|---|
| 003 | 0100 | ||
| 008 | 130307s9999 xx 000 0 und d | ||
| 040 | _cARRUPELIB | ||
| 050 | _aDF77.B7 | ||
| 245 | _aHellenic civilization | ||
| 260 | _aNY | ||
| 260 | _bColumbia UP | ||
| 260 | _c1920 | ||
| 300 | _a719p | ||
| 650 | _bNames, Georgraphical-Cape of good hope | ||
| 700 | _aed. by G.W. Botsford and E.G. Sihler, with contributions from William L. Westerm , Botsford, George Willis, ed | ||
| 942 | 0 | 0 | _01 |
| 999 |
_c88848 _d88848 |
||